| 000 | 00608nam a22001937a 4500 | ||
|---|---|---|---|
| 005 | 20260417143608.0 | ||
| 010 | _aENG-148317 | ||
| 020 |
_a9789354438790 _c550.00 |
||
| 035 | _aEN-131849 | ||
| 037 | _bDBAD | ||
| 082 |
_a540 _21 |
||
| 100 |
_aSujit Sankar Panja _988951 |
||
| 245 |
_aFundamentals of Symmetry and Group Theory With Application in Chemistry/ _cSujit Sankar Panja |
||
| 250 | _a1 | ||
| 260 |
_aDelhi _bPHI Learning _c2025 |
||
| 270 |
_aRimjhim House, 111, Patparganj Industrial Estate, _bDelhi _e110092 |
||
| 300 |
_a218p.: _c24cm(pb) _bIndex |
||
| 942 |
_2ddc _cEN _h540 _mPAN |
||
| 999 |
_c215935 _d215935 |
||